<?xml version="1.0" encoding="UTF-8"?>
<collection xmlns="http://www.loc.gov/MARC21/slim">
 <record>
  <leader>01915naa a2200361   4500</leader>
  <controlfield tag="001">1844099814</controlfield>
  <controlfield tag="003">DE-627</controlfield>
  <controlfield tag="005">20230502125355.0</controlfield>
  <controlfield tag="007">cr uuu---uuuuu</controlfield>
  <controlfield tag="008">230502s2015    xx |||||oo    00| ||ger c</controlfield>
  <datafield tag="035" ind1=" " ind2=" ">
   <subfield code="a">(DE-627)1844099814</subfield>
  </datafield>
  <datafield tag="035" ind1=" " ind2=" ">
   <subfield code="a">(DE-599)KXP1844099814</subfield>
  </datafield>
  <datafield tag="040" ind1=" " ind2=" ">
   <subfield code="a">DE-627</subfield>
   <subfield code="b">ger</subfield>
   <subfield code="c">DE-627</subfield>
   <subfield code="e">rda</subfield>
  </datafield>
  <datafield tag="041" ind1=" " ind2=" ">
   <subfield code="a">ger</subfield>
  </datafield>
  <datafield tag="084" ind1=" " ind2=" ">
   <subfield code="a">KUNST</subfield>
   <subfield code="q">DE-16</subfield>
   <subfield code="2">fid</subfield>
  </datafield>
  <datafield tag="100" ind1="1" ind2=" ">
   <subfield code="a">Hecht, Christian</subfield>
   <subfield code="d">1965-</subfield>
   <subfield code="e">VerfasserIn</subfield>
   <subfield code="0">(DE-588)115455523</subfield>
   <subfield code="0">(DE-627)077262611</subfield>
   <subfield code="0">(DE-576)289892597</subfield>
   <subfield code="4">aut</subfield>
  </datafield>
  <datafield tag="245" ind1="1" ind2="0">
   <subfield code="a">[Rezension von: Evelin Wetter, Mittelalterliche Textilien III. Stickerei bis um 1500 und figürlich gewebte Borten - Karel Otavský, Anne E. Wardwell, Mittelalterliche Textilien II. Zwischen Europa und China]</subfield>
   <subfield code="c">rezensiert von Christian Hecht</subfield>
  </datafield>
  <datafield tag="264" ind1=" " ind2="1">
   <subfield code="c">09.11.2015</subfield>
  </datafield>
  <datafield tag="300" ind1=" " ind2=" ">
   <subfield code="b">Illustrationen</subfield>
  </datafield>
  <datafield tag="336" ind1=" " ind2=" ">
   <subfield code="a">Text</subfield>
   <subfield code="b">txt</subfield>
   <subfield code="2">rdacontent</subfield>
  </datafield>
  <datafield tag="337" ind1=" " ind2=" ">
   <subfield code="a">Computermedien</subfield>
   <subfield code="b">c</subfield>
   <subfield code="2">rdamedia</subfield>
  </datafield>
  <datafield tag="338" ind1=" " ind2=" ">
   <subfield code="a">Online-Ressource</subfield>
   <subfield code="b">cr</subfield>
   <subfield code="2">rdacarrier</subfield>
  </datafield>
  <datafield tag="655" ind1=" " ind2="7">
   <subfield code="a">Rezension</subfield>
   <subfield code="0">(DE-588)4049712-4</subfield>
   <subfield code="0">(DE-627)106186019</subfield>
   <subfield code="0">(DE-576)209083166</subfield>
   <subfield code="2">gnd-content</subfield>
  </datafield>
  <datafield tag="773" ind1="0" ind2="8">
   <subfield code="i">Enthalten in</subfield>
   <subfield code="t">ArtHist.net</subfield>
   <subfield code="d">[Berlin] : arthist e.V., 2001</subfield>
   <subfield code="g">(2015) vom: 9. Nov.</subfield>
   <subfield code="h">Online-Ressource</subfield>
   <subfield code="w">(DE-627)777783886</subfield>
   <subfield code="w">(DE-600)2755110-6</subfield>
   <subfield code="w">(DE-576)40053021X</subfield>
   <subfield code="x">2750-5685</subfield>
   <subfield code="7">nnns</subfield>
  </datafield>
  <datafield tag="773" ind1="1" ind2="8">
   <subfield code="g">year:2015</subfield>
   <subfield code="g">day:9</subfield>
   <subfield code="g">month:11</subfield>
  </datafield>
  <datafield tag="787" ind1="0" ind2="8">
   <subfield code="i">Rezension von</subfield>
   <subfield code="t">Mittelalterliche Textilien ; 3: Stickerei bis um 1500 und figürlich gewebte Borten</subfield>
   <subfield code="d">Riggisberg : Abegg-Stiftung, 2012</subfield>
   <subfield code="h">363 S.</subfield>
   <subfield code="w">(DE-627)1434474631</subfield>
   <subfield code="w">(DE-576)364474637</subfield>
   <subfield code="z">9783905014501</subfield>
  </datafield>
  <datafield tag="787" ind1="0" ind2="8">
   <subfield code="i">Rezension von</subfield>
   <subfield code="t">Mittelalterliche Textilien ; 2: Zwischen Europa und China</subfield>
   <subfield code="d">Riggisberg : Abegg-Stiftung, 2011</subfield>
   <subfield code="h">388 S.</subfield>
   <subfield code="w">(DE-627)1421538083</subfield>
   <subfield code="w">(DE-576)351538089</subfield>
   <subfield code="z">9783905014426</subfield>
  </datafield>
  <datafield tag="856" ind1="4" ind2="0">
   <subfield code="u">https://arthist.net/reviews/3661</subfield>
   <subfield code="x">Verlag</subfield>
   <subfield code="z">kostenfrei</subfield>
   <subfield code="3">Volltext</subfield>
  </datafield>
  <datafield tag="936" ind1="u" ind2="w">
   <subfield code="j">2015</subfield>
   <subfield code="b">9</subfield>
   <subfield code="c">11</subfield>
  </datafield>
  <datafield tag="951" ind1=" " ind2=" ">
   <subfield code="a">AR</subfield>
  </datafield>
  <datafield tag="994" ind1=" " ind2=" ">
   <subfield code="u">https://arthist.net/reviews/3661</subfield>
  </datafield>
  <datafield tag="991" ind1=" " ind2=" ">
   <subfield code="a">Rezension (Monographie, Zeitschrift, Aufsatz)</subfield>
  </datafield>
  <datafield tag="999" ind1=" " ind2=" ">
   <subfield code="a">KXP-PPN1844099814</subfield>
   <subfield code="e">432315951X</subfield>
  </datafield>
 </record>
</collection>
